|
|
|
|
| LEADER |
01304nam a2200313Ia 4500 |
| 001 |
EBC306243 |
| 003 |
MiAaPQ |
| 005 |
20200520144314.0 |
| 006 |
m o d | |
| 007 |
cr cn||||||||| |
| 008 |
070112s2007 enk s 000 0 eng d |
| 035 |
|
|
|a (MiAaPQ)EBC306243
|
| 035 |
|
|
|a (Au-PeEL)EBL306243
|
| 035 |
|
|
|a (CaPaEBR)ebr10185549
|
| 035 |
|
|
|a (CaONFJC)MIL92921
|
| 035 |
|
|
|a (OCoLC)299754023
|
| 040 |
|
|
|a MiAaPQ
|c MiAaPQ
|d MiAaPQ
|
| 050 |
|
4 |
|a HF5429
|b .I54835 2007
|
| 245 |
0 |
0 |
|a International journal of retail & distribution management.
|n Volume35, Numbers 6 and 7,
|p Social and experiential retailing
|h [electronic resource] /
|c guest editors Charles Dennis and Tamira King.
|
| 260 |
|
|
|a Bradford :
|b Emerald Group Press,
|c c2007.
|
| 300 |
|
|
|a 200 p.
|
| 490 |
0 |
|
|a International journal of retail & distribution management ;
|v v. 35, no. 6-7
|
| 533 |
|
|
|a Electronic reproduction. Ann Arbor, MI : ProQuest, 2015. Available via World Wide Web. Access may be limited to ProQuest affiliated libraries.
|
| 650 |
|
0 |
|a Retail trade
|x Management.
|
| 650 |
|
0 |
|a Physical distribution of goods
|x Management.
|
| 655 |
|
4 |
|a Electronic books.
|
| 700 |
1 |
|
|a Dennis, Charles.
|
| 710 |
2 |
|
|a ProQuest (Firm)
|
| 856 |
4 |
0 |
|u https://ebookcentral.proquest.com/lib/matrademy/detail.action?docID=306243
|z Click to View
|